000
00305 a2200145 4500
001
74352
020
_a
040
_c
Anchieta - Colégio São Paulo
240
1
0
_a
Os carboidratos
_l
por
245
1
0
_a
Os carboidratos
300
_a
362
0
_a
0
650
4
_a
Literatura infanto-juvenil
942
_c
BK
999
_c
74352
_d
74352